| 000 | 00523nam a2200169Ia 4500 | ||
|---|---|---|---|
| 003 | SGT | ||
| 020 | _a9788175156111 | ||
| 082 |
_a620.0042 _bPAR |
||
| 100 | _aParvaz,Mohd | ||
| 245 | _aFundamentals of engineering drawing and autocad | ||
| 250 | _a3rd Ed. | ||
| 260 |
_bGalgotia Publications Pvt. Ltd. _aN.Delhi _c2010 |
||
| 300 | _a633p. | ||
| 650 | _aMECHANICAL ENGINEERING | ||
| 653 | _aDRAWING INSTRUMENTS AND THEIR USES,TYPES LINES AND FREE HAND SKETCHING, LETTERING AND METHODS OF DIMENSIONING | ||
| 942 |
_2ddc _cBK _012 |
||
| 999 |
_c4987 _d4987 |
||